000 00704nam a2200193 a 4500
005 20170810111213.0
008 170612s2008 ck |||||r|||| 00| 0 spa d
040 _aCO-BoIAVH
_cCO-BoIAVH
041 0 _aspa
044 _ack
090 _aFG-
_b0138
245 0 0 _aNormatividad forestal vigente
260 _aPereira (Colombia) :
_bCorponor :
_bCRQ :
_bCarder :
_bCortolima,
_c2008.
300 _a44 páginas :
_bilustraciones a color ;
_c23 x 21 cm.
490 0 _aSerie de publicaciones FLEGT ;
_v4
650 2 6 _aRecursos forestales
_xConservación de los recursos
_zColombia
_vNormas
650 2 6 _aRecursos forestales
_xordenación de los recursos
_zColombia
_vNormas
942 _2z
_cFolleto
999 _c19634
_d19634